| 000 | 00836nam a22001697a 4500 | ||
|---|---|---|---|
| 008 | 090909s1994 au ||||| |||| 00| 0 ara d | ||
| 082 |
_222 _a330.962 _bا ل ل |
||
| 100 | 1 |
_98775 _aعبد الله ، إسماعيل صبرى |
|
| 245 |
_aقضايا أساسية فى السياسة الإقتصادية / _cإسماعيل صبرى عبد الله |
||
| 260 |
_a[د.م] : _bمكتب الشرق الأوسط ،1994 _c1994 |
||
| 300 |
_a194 ص ؛ _c22 سم. |
||
| 490 | 0 |
_920407 _aمنتدى العالم الثالث |
|
| 541 |
_aإهداء ؛ _cدكتور باسم ؛ |
||
| 651 |
_913709 _aمصر _xالأحوال الاقتصادية |
||
| 942 |
_2ddc _cBB |
||
| 999 |
_c12775 _d12775 |
||